Engineering economy (Record no. 1549)

000 -LEADER
fixed length control field 00674nam a22002294a 4500
001 - CONTROL NUMBER
control field 1549
003 - CONTROL NUMBER IDENTIFIER
control field BD-DhUET
008 - FIXED-LENGTH DATA ELEMENTS--GENERAL INFORMATION
fixed length control field 000424s2001 njua b 001 0 eng
020 ## - INTERNATIONAL STANDARD BOOK NUMBER
International Standard Book Number 013028128X
040 ## - CATALOGING SOURCE
Original cataloging agency DLC
Transcribing agency DLC
Modifying agency BD-DhUET
082 00 - DEWEY DECIMAL CLASSIFICATION NUMBER
Classification number 620.02
Item number THU/2001
100 ## - MAIN ENTRY--PERSONAL NAME
Personal name Thuesen, G. J.
245 10 - TITLE STATEMENT
Title Engineering economy
Statement of responsibility, etc. by G.J. Thuesen and W.J. Fabrycky
250 ## - EDITION STATEMENT
Edition statement 9th ed.
260 ## - PUBLICATION, DISTRIBUTION, ETC. (IMPRINT)
Place of publication, distribution, etc. New Jersy
Name of publisher, distributor, etc. Prentice Hall
Date of publication, distribution, etc. 2001
300 ## - PHYSICAL DESCRIPTION
Extent xiv, 637 p.
Other physical details ill.
Dimensions 25 cm.
490 ## - SERIES STATEMENT
Series statement Prentice hall international series in industrial and sytems engineering
504 ## - BIBLIOGRAPHY, ETC. NOTE
Bibliography, etc Includes bibliographies
650 #0 - SUBJECT ADDED ENTRY--TOPICAL TERM
Topical term or geographic name as entry element Engineering economy
700 1# - ADDED ENTRY--PERSONAL NAME
Personal name Fabrycky, W. J.
942 ## - ADDED ENTRY ELEMENTS (KOHA)
Koha item type General Book
Holdings
Location (home branch) Price effective from Damaged status Not for loan Koha date last seen Koha normalized classification for sorting Piece designation (barcode) Koha date last borrowed Source of classification or shelving scheme Koha issues (times borrowed) Date acquired Copy number Withdrawn status Koha item type Shelving location Lost status Koha full call number Sublocation or collection (holding branch)
Central Library, BUET2014-09-08  2014-09-08620_000000000000000_02THU2001102596   2014-09-081 General BookCirculation section 620.02/THU/2001Central Library, BUET
Central Library, BUET2014-09-08  2014-09-08620_000000000000000_02THU2001102594   2014-09-082 General BookCirculation section 620.02/THU/2001Central Library, BUET
Central Library, BUET2014-09-08  2021-12-20620_000000000000000_02THU20011025902021-11-29 12014-09-083 General BookCirculation section 620.02/THU/2001Central Library, BUET
Central Library, BUET2014-09-08  2014-09-08620_000000000000000_02THU2001102595   2014-09-084 General BookCirculation section 620.02/THU/2001Central Library, BUET
Central Library, BUET2014-09-08  2014-09-08620_000000000000000_02THU2001102589   2014-09-085 General BookCirculation section 620.02/THU/2001Central Library, BUET
Central Library, BUET2014-09-08  2014-09-08620_000000000000000_02THU2001102588   2014-09-086 General BookCirculation section 620.02/THU/2001Central Library, BUET
Central Library, BUET2014-09-08  2022-04-16620_000000000000000_02THU20011025922022-03-21 22014-09-088 General BookCirculation section 620.02/THU/2001Central Library, BUET
Central Library, BUET2014-09-08  2014-09-08620_000000000000000_02THU2001102591   2014-09-089 General BookCirculation section 620.02/THU/2001Central Library, BUET
Central Library, BUET2014-09-15  2014-09-15620_000000000000000_02THU2001102593   2014-09-1510 General BookCirculation section 620.02/THU/2001Central Library, BUET
Central Library, BUET2014-09-27  2021-12-20620_000000000000000_02THU20011018772021-12-04 32014-09-2711 General BookCirculation section 620.02/THU/2001Central Library, BUET
Central Library, BUET2014-10-19  2014-10-19620_000000000000000_02THU2001112838   2014-10-1912 General BookCirculation section 620.02/THU/2001Central Library, BUET
Central Library, BUET2014-11-23  2014-11-23620_020000000000000_THU_2001101878   2014-11-2313 General BookCirculation section 620.02/THU/2001Central Library, BUET